Rios de Portugal num Mapa - Statistics

Estatísticas Gerais
  • Esse quiz foi jogado 598 vezes
  • A pontuação média é 8 de 11
Respostas no mapa
Respostas codificadas por cores de uma escala verde-vermelha no mapa do quiz de acordo com a % correta abaixo.
 
Estatísticas das Respostas
Rios % Correto
Tejo
98%
Douro
97%
Guadiana
89%
Mondego
83%
Sado
82%
Minho
79%
Lima
62%
Vouga
55%
Ave
54%
Cávado
54%
Mira
45%
Nenhum quiz correspondente encontrado
Distribuição das Pontuações
Porcentagem de Pessoas com Cada Pontuação
Percentil de Números Respondidos
Sua Pontuação Histórica
Você não jogou esse quiz